| 000 | 00456nam a2200169Ia 4500 | ||
|---|---|---|---|
| 008 | 230917s9999||||xx |||||||||||||| ||und|| | ||
| 020 | _cRS 400.00 | ||
| 040 |
_e5006228 _aMAIN |
||
| 041 | _aEnglish | ||
| 082 | _a820.9 S13G | ||
| 100 | _aSiddramappa, Mallikarjun | ||
| 245 | 0 | _aGuidebook to English literature | |
| 260 |
_aAgra _bCurrent Publication _c2016 |
||
| 300 | _a958 p. | ||
| 500 | _a4293 04/01/2022 CP22/166 04/01/2022 Main Budget | ||
| 942 | _cBK | ||
| 999 |
_c4003 _d4003 |
||